Chozrasčetnyje ryčagi i ispol'zovanije proizvodstvennych resursov
Na minha lista:
| Autor principal: | |
|---|---|
| Formato: | Livro |
| Idioma: | russo |
| Publicado em: |
Jerevan
Universitet
1987
|
| Edição: | 1. izd. |
| Tags: |
Sem tags, seja o primeiro a adicionar uma tag!
|
MARC
| LEADER | 00000nam a2200000 4500 | ||
|---|---|---|---|
| 001 | c036939 | ||
| 005 | 20221219131440.3 | ||
| 041 | 0 | |a rus | |
| 044 | |a AM | ||
| 245 | 1 | 0 | |a Chozrasčetnyje ryčagi i ispol'zovanije proizvodstvennych resursov |c Amaz Bogdanovič Guščjan |
| 250 | |a 1. izd. | ||
| 264 | 1 | |a Jerevan |b Universitet |c 1987 | |
| 300 | |a 130 s. | ||
| 100 | 1 | |a Guščjan, Amaz Bogdanovič | |